000 00594nam a2200217Ia 4500
005 20260429112104.0
008 260429s9999||||xx |||||||||||||| ||und||
020 _a9781032490694
041 _aEnglish
082 _a362.7609
_bLON
100 _aLong, Joshua
245 0 _aAvenging child sex abuse :
_bvigilante violence in prisons and the community /
_cJoshua Long
250 _a1st ed.
260 _aNew York :
_bRoutledge,
_c2024.
300 _ax, 291 p.; pbk
650 _a Vigilante
650 _a Violence
650 _aChild abuse
700 _a Vukovich, Jason
942 _cTB
999 _c52292
_d52292